Εισαγωγή στην παιδαγωγική επιστήμη

Αποθηκεύτηκε σε:
Λεπτομέρειες βιβλιογραφικής εγγραφής
Κύριος συγγραφέας: Πυργιωτάκης, Ιωάννης Ε., 1942-
Μορφή: Βιβλίο
Γλώσσα:Greek
Δημοσίευση: Αθήνα : Πεδίο, 2011.
Σειρά:Βασική Βιβλιοθήκη Παιδαγωγικής (Πεδίο)
Θέματα:
Ετικέτες: Προσθήκη ετικέτας
Δεν υπάρχουν, Καταχωρήστε ετικέτα πρώτοι!

MARC

LEADER 00000cam a2200000 i 4500
001 1/28188
008 130405s2011 gr |||||||||||||| ||gre||
020 |a 9789609552332 
035 |l 10114150 
040 |a GR-MyUa  |b gre  |e AACR2 
041 0 |a gre 
082 7 |a 370.1   |2 (23)  
100 1 |a Πυργιωτάκης, Ιωάννης Ε.,   |d 1942- 
245 1 0 |a Εισαγωγή στην παιδαγωγική επιστήμη /   |c Ιωάννης Ε. Πυργιωτάκης.  
260 |a Αθήνα :   |b Πεδίο,   |c 2011.  
300 |a 738 σ. ;   |c 24 εκ.  
490 1 |a (Βασική Βιβλιοθήκη Παιδαγωγικής / Πεδίο) 
650 0 0 |a Education. 
650 0 |a Education  |x Aims and objectives. 
830 0 |a Βασική Βιβλιοθήκη Παιδαγωγικής (Πεδίο) 
852 |a INST  |b LESVOS  |c EUDOXUS  |e 20170530  |h 370.1 ΠΥΡ  |p 005100059307  |q 005100059307  |t EDX  |y 0 
852 |a INST  |b RHODES  |c EUDOXUS  |e 20130405  |h 370.1 ΠΥΡ  |p 005400035084  |q 005400035084  |t EDX  |y 0 
852 |a INST  |b RHODES  |c EUDOXUS  |e 20140327  |h 370.1 ΠΥΡ  |p 005400036324  |q 005400036324  |t EDX  |y 0 
852 |a INST  |b RHODES  |c EUDOXUS  |e 20160419  |h 370.1 ΠΥΡ  |p 005400038363  |q 005400038363  |t EDX  |y 0 
852 |a INST  |b SYROS  |e 20150910  |h 370.1 ΠΥΡ  |p 005500012048  |q 005500012048  |t BK  |y 0 
901 |a BIBL4-2013-1 
901 |a BIBL4-2014-1 
920 |a Εύδοξος   |b Επιστροφή   |y Ρόδος  |z 2013-03 
920 |a Εύδοξος  |b Επιστροφή  |y Ρόδος  |z 2016-04 
920 |a Εύδοξος  |b Επιστροφή   |y Ρόδος  |z 2014-03 
920 |a Εύδοξος  |b Επιστροφή  |y Λέσβος  |z 2017-05 
970 |a Κοντού   |b Παρασκευή   |z 10/09/2015